• 首页
  • 本馆介绍
  • 公告通知
  • 最新文献
  • 馆藏检索
  • 电子资源
  • 读者导购
  • 参考咨询
  • 我的图书馆
  • 登录
  • 详细信息显示
  • 放入我的书架
  • 预约/预借图书
  • 作者相关作品
  • 分类相关作品
  • 丛书相关作品
  • 出版社相关作品

书目信息

  • 表格格式
  • 工作单格式
  • 卡片格式
题名:
俄国的空间讹诈
    
 
作者: 弗拉基米罗夫 著 ;上海外国语学院教师三结合 , 上海新乐五金生产组工人曹山 译
分册:  
出版信息: 北京   三联书店  1977
页数: 163页
开本: 19cm
丛书名:
单 册:
中图分类: V11
科图分类:
主题词: 空间探索
电子资源:
ISBN:
000 00845nam0 2200241 45
001 0177002295
005 20060820161718.39
010    @dCNY0.42
100    @a19951020d1977 em y0chiy0121 ea
101 1  @achi@arus
102    @aCN@b110000
105    @ay z 000yy
200 10 @a俄国的空间讹诈@Ae guo de kong jian e zha@e登月况赛的内幕@f(苏)弗拉基米罗夫著@g上海新乐五金生产组工人曹山, 上海外国语学院教师三结合译
210    @a北京@c三联书店@d1977
215    @a163页@d19cm
606    @a空间探索
690    @aV11@v3
701  0 @a弗拉基米罗夫@Afu la ji mi luo fu@4著
712 02 @a上海外国语学院教师三结合@Ashang hai wai guo yu xue yuan jiao shi san jie he@4译
712 02 @a上海新乐五金生产组工人曹山@Ashang hai xin le wu jin sheng chan zu gong ren cao shan@4译
801  2 @aCN@bNLC@c20060820
801  0 @aCN@bTSSF
905    @a10447@dV11@e33
    
    俄国的空间讹诈:登月况赛的内幕/(苏)弗拉基米罗夫著/上海新乐五金生产组工人曹山, 上海外国语学院教师三结合译.-北京:三联书店,1977
    163页;19cm
    
    
    ISBN :CNY0.42
    
●
相关链接 在E读中查询图书 在五车中查询图书 在当当中查询图书 在豆瓣中查询图书


正题名:俄国的空间讹诈     索取号:V11/33         预约/预借

序号 登录号 条形码 馆藏地/架位号 状态 备注
1 0470467   204704677   密集书库/ [索取号:V11/33] 在馆    
唐山师范学院图书馆 欢迎您!
大连网信软件有限公司© 版权所有